书目信息 |
| 题名: |
小型拖拉机使用问答
|
|
| 作者: | 国家计划生育委员会宣传教育司 , 中国人口文化促进会 组织编写 | |
| 分册: | ||
| 出版信息: | 北京 化学工业出版社 1999.01 |
|
| 页数: | 132页 | |
| 开本: | 32开 | |
| 丛书名: | ||
| 单 册: | ||
| 中图分类: | S219.9-44 | |
| 科图分类: | ||
| 主题词: | 农业--动能 , 农业--能源 | |
| 电子资源: | ||
| ISBN: | 7-5025-2377-4 | |
| 000 | 00828nam0 2200217 45 | |
| 001 | 0011160640 | |
| 005 | 20001116064916.8 | |
| 010 | @a7-5025-2377-4@d5.50元 | |
| 100 | @a20001116d km y0chiy0120 ea | |
| 101 | 0 | @achi |
| 105 | @a z 000yy | |
| 200 | 1 | @a小型拖拉机使用问答@AXiao Xing Tuo La Ji Shi Yong Wen Da@f国家计划生育委员会宣传教育司,中国人口文化促进会组织编写;胡霞主编@FGuo Jia Ji Hua Sheng Yu Wei Yuan Hui Xuan Chuan JiaoYu Si,Zhong Guo Ren Kou Wen Hua Cu Jin Hui Zu Zhi Bian Xie;Hu Xia Zhu Bian |
| 210 | @a北京@c化学工业出版社@d1999.01 | |
| 215 | @a132页@d32开 | |
| 606 | 0 | @a农业@x动能 |
| 606 | 0 | @a农业@x能源 |
| 690 | @aS219.9-44@v3 | |
| 701 | 0 | @a国家计划生育委员会宣传教育司@4组织编写 |
| 701 | 0 | @a中国人口文化促进会@4组织编写 |
| 801 | @aCN@bPftUser@c20001116 | |
| 905 | @b409857-859@dS219.9-44@eH.360@f3 | |
| 小型拖拉机使用问答/国家计划生育委员会宣传教育司,中国人口文化促进会组织编写;胡霞主编.-北京:化学工业出版社,1999.01 |
| 132页;32开 |
| ISBN 7-5025-2377-4:5.50元 |
| ● |
| 相关链接 |
|
|
|
正题名:小型拖拉机使用问答
索取号:S219.9-44/H.360
 
预约/预借
| 序号 | 登录号 | 条形码 | 馆藏地/架位号 | 状态 | 备注 |
| 1 | 409857 | 204098573 | 自科库401/401自科库 67排1列1层/ [索取号:S219.9-44/H.360] | 在馆 | |
| 2 | 409858 | 204098582 | 自科库401/401自科库 67排1列1层/ [索取号:S219.9-44/H.360] | 在馆 | |
| 3 | 409859 | 204098591 | 自科库401/401自科库 67排1列1层/ [索取号:S219.9-44/H.360] | 在馆 |